000
00218nam a2200097Ia 4500
008
190216s9999||||xx |||||||||||||| ||und||
100
_a
Holmiyand E J
245
0
_a
Junior Chemistry
260
_b
Prentice Hall
942
_c
BK
999
_c
1970
_d
1970